=LDR 00000nam 2200000 4500 =001 INLIS000000000037586 =005 20130612143319 =008 ***********************************Ind, , Indonesia** =035 ##$$0010-061300000037586 =041 ##$$a Ind, , Indonesia =082 ##$$a 310.Gup =100 ##$$a Gupta,SP , M.Com.Ph.D =245 ##$$a Advanced Practical Statistics =260 ##$$a S.Chand and Company Ltd $b New Delhi =300 ##$$a 807hlm =850 ##$$a NBPNMAT